[Event "GRE-ch U14"]
[Site "Thessaloniki"]
[Date "2022.08.22"]
[Round "7"]
[White "Giannopoulos, Vasileios"]
[Black "Petkakis, Odysseas"]
[Result "1-0"]
[WhiteElo "1425"]
[BlackElo "1053"]
[PlyCount "111"]
[EventDate "2022.08.18"]
[EventType "swiss"]
[EventRounds "9"]
[EventCountry "GRE"]
[SourceTitle "EXT 2024"]
[Source "ChessBase"]
[SourceDate "2023.10.10"]
[SourceVersion "1"]
[SourceVersionDate "2023.10.10"]
[SourceQuality "1"]

1. e4 e5 2. Nf3 Nc6 3. Bc4 Bc5 4. c3 Nf6 5. d4 exd4 6. e5 d5 7. Bb5 Ne4 8. cxd4 Bb4+ 9. Bd2 Bxd2+ 10. Nbxd2 Nxd2 11. Qxd2 Bd7 12. 0-0-0 0-0 13. h4 Nxe5 14. Nxe5 Bxb5 15. g4 f6 16. Nd3 Bxd3 17. Qxd3 Qd6 18. Kb1 c6 19. Qd2 Rfe8 20. g5 f5 21. Rh3 Re4 22. Rb3 Rb8 23. Qa5 a6 24. g6 h6 25. h5 Qf4 26. Rxb7 Rbe8 27. Qc7 Qxc7 28. Rxc7 R4e6 29. Rc1 Re4 30. R1xc6 Rxd4 31. Rxa6 Rd1+ 32. Kc2 Rf1 33. b4 Rxf2+ 34. Kb3 Kf8 35. Rd6 Re3+ 36. Ka4 Rxa2+ 37. Kb5 Rae2 38. Rf7+ Ke8 39. Rxf5 Re5 40. Rxd5 Re7 41. Rd6 R2e5+ 42. Rxe5 Rxe5+ 43. Kc6 Rxh5 44. b5 Rh1 45. b6 Rc1+ 46. Kb7 h5 47. Rd4 Rh1 48. Kc6 Rc1+ 49. Kd6 Rb1 50. Kc7 Rc1+ 51. Kb8 Rh1 52. b7 h4 53. Kc7 Rc1+ 54. Kd6 Rb1 55. Rc4 Rd1+ 56. Kc7 1-0

[Event "GRE-ch U14"]
[Site "Thessaloniki"]
[Date "2022.08.21"]
[Round "6"]
[White "Petkakis, Odysseas"]
[Black "Kalogridis, Themistoklis"]
[Result "0-1"]
[WhiteElo "1053"]
[BlackElo "1648"]
[PlyCount "50"]
[EventDate "2022.08.18"]
[EventType "swiss"]
[EventRounds "9"]
[EventCountry "GRE"]
[SourceTitle "EXT 2023"]
[Source "ChessBase"]
[SourceDate "2022.10.05"]
[SourceVersion "1"]
[SourceVersionDate "2022.10.05"]
[SourceQuality "1"]

1. e4 c5 2. Nf3 Nc6 3. Nc3 e5 4. Bc4 d6 5. h3 Be7 6. d3 Nf6 7. Bg5 h6 8. Bd2 Nd7 9. Nd5 Nf8 10. Nxe7 Qxe7 11. Nh2 Ne6 12. c3 0-0 13. Qh5 Na5 14. Bb3 Nxb3 15. axb3 f5 16. 0-0-0 fxe4 17. dxe4 c4 18. bxc4 Nc5 19. Qe2 Rxf2 20. Qe3 Be6 21. Be1 Rf4 22. b4 Rxe4 23. Qf3 Nb3+ 24. Kc2 Rxc4 25. Rb1 Nd4+ 0-1

[Event "GRE-ch U14"]
[Site "Thessaloniki"]
[Date "2022.08.20"]
[Round "4"]
[White "Sideris, Michail"]
[Black "Petkakis, Odysseas"]
[Result "0-1"]
[WhiteElo "1345"]
[BlackElo "1053"]
[PlyCount "70"]
[EventDate "2022.08.18"]
[EventType "swiss"]
[EventRounds "9"]
[EventCountry "GRE"]
[SourceTitle "EXT 2024"]
[Source "ChessBase"]
[SourceDate "2023.10.10"]
[SourceVersion "1"]
[SourceVersionDate "2023.10.10"]
[SourceQuality "1"]

1. d4 d5 2. c4 e6 3. Nf3 Nf6 4. g3 c6 5. Bg2 Nbd7 6. 0-0 Be7 7. Qc2 0-0 8. Nbd2 h6 9. e4 Re8 10. cxd5 exd5 11. e5 Nh7 12. Ne1 Ndf8 13. f4 f6 14. Nb3 Qb6 15. Kh1 g6 16. Be3 fxe5 17. fxe5 Bf5 18. Qf2 Kg7 19. Bh3 Bxh3 20. Qf7+ Kh8 21. Bxh6 Ne6 22. Rf6 Bxf6 23. exf6 Rg8 24. Nf3 Qc7 25. Ne5 Nhf8 26. Qxc7 Nxc7 27. f7 Rg7 28. Bxg7+ Kxg7 29. g4 g5 30. Nc5 Rb8 31. Ncd3 Nce6 32. Re1 Rc8 33. Kg1 Nf4 34. Re3 N8e6 35. Nf2 Bg2 0-1

[Event "GRE-ch U14"]
[Site "Thessaloniki"]
[Date "2022.08.18"]
[Round "1"]
[White "Mavridis, Emmanouil"]
[Black "Petkakis, Odysseas"]
[Result "1-0"]
[WhiteElo "1424"]
[BlackElo "1053"]
[PlyCount "49"]
[EventDate "2022.08.18"]
[EventType "swiss"]
[EventRounds "9"]
[EventCountry "GRE"]
[SourceTitle "EXT 2024"]
[Source "ChessBase"]
[SourceDate "2023.10.10"]
[SourceVersion "1"]
[SourceVersionDate "2023.10.10"]
[SourceQuality "1"]

1. d4 d5 2. c4 e6 3. Nc3 Nf6 4. Bg5 c6 5. e3 Nbd7 6. Nf3 Bd6 7. Qc2 0-0 8. cxd5 exd5 9. Bd3 h6 10. Bh4 Qc7 11. a3 Re8 12. Rc1 a6 13. 0-0 g5 14. Bg3 Bxg3 15. hxg3 Ng4 16. Nxd5 Qd6 17. Nc3 Ndf6 18. Ne4 Nxe4 19. Bxe4 Nxe3 20. fxe3 Qxg3 21. Rce1 Bh3 22. Bf5 g4 23. Ne5 c5 24. Bh7+ Kh8 25. Nxf7+ 1-0